Doing ethics : Moral reasoning and contemporary issues

Stressing critical thinking throughout the book, Lewis Vaughn motivates students to wrestle with moral quandaries from the start. His clear prose ensures that students understand major arguments and core concepts, and the extensive readings and exercises provide plenty of thought-provoking material...

Celý popis

Uloženo v:
Podrobná bibliografie
Hlavní autor: Vaughn, Lewis
Médium: Kniha
Jazyk:Undetermined
Vydáno: New York W.W. Norton & Co. 2008
Témata:
Tagy: Přidat tag
Žádné tagy, Buďte první, kdo otaguje tento záznam!
Thư viện lưu trữ: Trung tâm Học liệu Trường Đại học Cần Thơ
LEADER 01032nam a2200205Ia 4500
001 CTU_187046
008 210402s9999 xx 000 0 und d
082 |a 170 
082 |b V363 
100 |a Vaughn, Lewis 
245 0 |a Doing ethics : 
245 0 |b Moral reasoning and contemporary issues 
245 0 |c Lewis Vaughn 
260 |a New York 
260 |b W.W. Norton & Co. 
260 |c 2008 
520 |a Stressing critical thinking throughout the book, Lewis Vaughn motivates students to wrestle with moral quandaries from the start. His clear prose ensures that students understand major arguments and core concepts, and the extensive readings and exercises provide plenty of thought-provoking material for in-class discussions and student papers. Practical, clear and comprehensive, Doing Ethics will inspire students to see ethics not just as a distribution requirement, but as a lifelong project. 
650 |a Ethics,Đạo đức học 
910 |a Hải 
980 |a Trung tâm Học liệu Trường Đại học Cần Thơ